000 00921nam a2200301 a 4500
005 20191224041526.0
008 140220t1995 -ukd fr|||| 001 0 eng d
020 _a0521499526
040 _aCO-BoIAVH
_cCO-BoIAVH
041 0 _aeng
044 _axxk
082 0 4 _a570.9
_bR81s
100 1 _aRosenzweig, Michael L.
245 1 _aSpecies diversity in space and time /
_cMichael L. Rosenzweig
260 _aReino Unido:
_bCambridge University Press,
_cc1995.
300 _a436 páginas :
_bGráficas ;
_c23 x 16 cm.
650 6 _aBiodiversidad
650 6 _aEcología de poblaciones
650 6 _aEspeciación biológica
650 6 _aEvolución
650 6 _aExtinción
650 6 _aCoevolución
650 6 _aHábitat
650 6 _aPaleobiología
650 6 _aDinámica poblacional
650 6 _aFlujo de energía
942 _cLIBRO
_2ddc
999 _c377
_d377